• 首页
  • 本馆介绍
  • 公告通知
  • 最新文献
  • 馆藏检索
  • 电子资源
  • 读者导购
  • 参考咨询
  • 我的图书馆
  • 登录
  • 详细信息显示
  • 放入我的书架
  • 预约/预借图书
  • 作者相关作品
  • 分类相关作品
  • 丛书相关作品
  • 出版社相关作品

书目信息

  • 表格格式
  • 工作单格式
  • 卡片格式
题名:
影视动画音乐欣赏
    
 
作者: 丁波 主编
分册:  
出版信息: 北京   中国书籍出版社  2013.01
页数: 186页
开本: 24cm
丛书名: 中国书籍文库
单 册:
中图分类: J617.6
科图分类:
主题词: 动画片--音乐欣赏 , 动画片 , 音乐欣赏
电子资源:
ISBN: 978-7-5068-2958-8
000 01024oam2 2200277 450
001 012013010120
005 20130703104511.95
010    @a978-7-5068-2958-8@dCNY38.00
100    @a20130205d2013 em y0chiy50 ea
101 0  @achi
102    @aCN@b110000
105    @ag z 000yy
106    @ar
200 1  @a影视动画音乐欣赏@9ying shi dong hua yin yue xin shang@f丁波主编
210    @a北京@c中国书籍出版社@d2013.01
215    @a186页@d24cm
225 2  @a中国书籍文库
330    @a本书通过对音乐基本常识、乐器常识、音乐欣赏及影视作品与音乐的结合等方面的系统介绍,努力做到知识和趣味的结合,艺术与思想的结合,使人们在学习音乐、了解音乐、掌握音乐的过程中,陶冶情操、启迪智慧、激发灵感、开阔视野,从而达到提升人文艺术素养的目的,成为人们完善自我,丰富自我的良师益友。
461  0 @12001 @a中国书籍文库
606 0  @a动画片@x音乐欣赏
606 0  @a动画片
606 0  @a音乐欣赏
690    @aJ617.6@v5
701  0 @a丁波@9ding bo@f(1963-)@4主编
801  0 @aCN@b人天书店@c20130205
905    @b547214-17@dJ617.6@e605@f4
    
    影视动画音乐欣赏/丁波主编.-北京:中国书籍出版社,2013.01
    186页;24cm.-(中国书籍文库)
    
    
    ISBN 978-7-5068-2958-8:CNY38.00
    本书通过对音乐基本常识、乐器常识、音乐欣赏及影视作品与音乐的结合等方面的系统介绍,努力做到知识和趣味的结合,艺术与思想的结合,使人们在学习音乐、了解音乐、掌握音乐的过程中,陶冶情操、启迪智慧、激发灵感、开阔视野,从而达到提升人文艺术素养的目的,成为人们完善自我,丰富自我的良师益友。
●
相关链接 在E读中查询图书 在五车中查询图书 在当当中查询图书 在豆瓣中查询图书


正题名:影视动画音乐欣赏     索取号:J617.6/605         预约/预借

序号 登录号 条形码 馆藏地/架位号 状态 备注
1 547214   205472148   第一样本阅览室/ [索取号:J617.6/605] 在馆    
2 547215   205472157   第一借阅区/ [索取号:J617.6/605] 在馆    
3 547216   205472166   密集书库-美术系/ [索取号:J617.6/605] 在馆    
4 547217   205472175   第一借阅区/ [索取号:J617.6/605] 在馆    
唐山师范学院图书馆 欢迎您!
大连网信软件有限公司© 版权所有